000 00761nas a2200265Ia 4500
001 A10/R178-31362
003 IT-MiCISF
008 161014c99999999xx |||||||||||| ||und||
040 _aIT-MiCISF
_cIT-MiCISF
041 _aITALIANO
100 _aValli Aldo Maria
210 _aStudi cattolici
222 _aStudi cattolici
245 0 _aScuola. Dallo Stato alla società
250 _a1a ed.
260 _c2000
501 _bCISF - Centro Internazionale Studi Famiglia - Via Giotto, 36 20145 MILANO (non commercial uses only)
_cCopyright 2016
300 _app. 426-430
362 _an. 472, giugno [2000]
500 _a Tema: scuola, società
650 _aSCUOLA
_varticolo
700 _aAA.VV.
942 _cCR
957 _71
999 _a31362
_bSi
_g1
_c242518
_d242518